000
00325pab a2200145 454500
008
180718b1985 xxu||||| |||| 00| 0 eng d
100
_a
Sharma, S.P.
245
_a
Taxes on property and incentives
260
_c
1985
300
_a
377-86
362
_a
Aug.
650
_a
Income Tax
773
_a
Tax - Net
909
_a
10315
999
_c
10315
_d
10315